Mikroelektronické obvody : Digitálne obvody /

Enregistré dans:
Détails bibliographiques
Auteurs principaux: Szántó, Ladislav (Auteur), Felix, Jozef (Auteur)
Format: Livre
Langue:slovaque
Publié: Bratislava : STU v Bratislave, 1984
Édition:2.vyd.
Tags: Ajouter un tag
Pas de tags, Soyez le premier à ajouter un tag!

MARC

LEADER 00000nam a22000003a 4500
001 stu6322
005 20150617225808.2
008 940722s1984----cs------------------slo-d
040 |a STU  |b slo 
041 0 |a slo 
044 |a cs 
100 1 |a Szántó, Ladislav  |4 aut 
245 1 |a Mikroelektronické obvody :  |b Digitálne obvody /  |c [aut.] Szantó,Ladislav; Felix,Jozef 
250 |a 2.vyd. 
260 |a Bratislava :  |b STU v Bratislave,  |c 1984 
300 |a 165 s 
700 1 |a Felix, Jozef  |4 aut 
996 |b 284ES19259  |c E*S-37241  |l EE01  |s A  |a 24  |w stu6322_0002 
996 |b 284EK08851  |c E*53740  |l EE0105  |s P  |a 0  |w stu6322_0003